000 00569nam a22001817a 4500
999 _c8458
_d8458
008 201125b ||||| |||| 00| 0 eng d
040 _aBMS College of Architecture
100 _aM P, Prakruthi
245 _aSahyadri university - environmental studies Kudhremukh
300 _a68p.
500 _a1BM14AT064
502 _8B,Arch
_NBMS College of Architecture, Visvesvaraya Technological University (VTU)
_aProject report
_d2018
650 _aUniversity
650 _aEnvironment
700 _aShanu Rina
_eGuide
700 _aSanal Suresh
_eGuide
942 _2ddc
_cTHE